| 000 | 00736cam a2200193 a 4500 | ||
|---|---|---|---|
| 001 | 000006501 | ||
| 005 | 20200929153936.0 | ||
| 008 | 760315s1972 ck a f000 0 spa d | ||
| 040 |
_aDO-SdBNP _bspa _cBNPHU |
||
| 082 |
_a986.102 _bL358h |
||
| 100 | 1 |
_aLatorre Mendoza, Luis. _918023 |
|
| 245 | 1 | 0 |
_aHistoria e historias de Medellín, siglos XVII-XVIII-XIX / _cLuis Latorre Mendoza. |
| 260 |
_aMedellín : _bTomas Carrasquilla ; _bSecretaría de Educación y Cultura de Antioquia, _c1972. |
||
| 300 |
_a447 p. : _bil. ; _c20 cm. |
||
| 490 | 1 |
_aBiblioteca de Autores Antioqueños. Segunda época _v1 |
|
| 651 | 4 |
_aMedellin (Colombia{Rpara} _918024 |
|
| 830 | 0 |
_aBiblioteca de Autores Antioqueños. Segunda época ; _v1 _918025 |
|
| 049 | _aBNGR | ||
| 999 |
_c6292 _d6292 |
||